| 000 | 006380000a22001090004500 | ||
|---|---|---|---|
| 100 | 1 | _aPoorthuis, Marcel | |
| 245 | 1 | 0 | _aEl mesianismo entre la razón y la locura: Maimonides sobre el Mesías |
| 300 | _avol. 245, núm 245 (febrero, 1993), Páginas 89-102 | ||
| 520 | _aEl mesianismo de Maimónides contribuyó positivamente a diferencias de opinión dentro de la tradición judía. Las citas de fuentes tradicionales alternan en él con atrevidas interpretaciones, en todo lo cual la racionalidad parece ser el motivo impulsor, y sometiéndose a crítica profunda las verdades tradicionales de la fe. | ||
| 773 | 0 | _tConcilium | |
| 942 | _cANA | ||
| 999 |
_c49986 _d49986 |
||